000 00743nam a2200193 i 4500
001 44030
003 ES-MaACL
005 20250902004948.0
007 t|
008 030320s1910 sp ||||1| spa d
110 2 _aCentro de Información Comercial (España)
_9149580
245 1 0 _aCatálogo del Museo Comercial
_b: (sección de Marruecos).
260 _aMadrid :
_bCentro de Información Comercial,
_c1910 (
_fImp. del Ministerio de Estado)
300 _a20 p. ;
_c23 cm.
594 _aPrecede al tit.: Ministerio de Estado, Centro de Información Comercial.
650 4 _aMercancías-
_xPrecios-
_zMarruecos.
_9157382
852 _aES-MaACL
_jT-1217-F-9
_z.- Enc. en un vol. facticio conservando la cub. original
999 _c44030
_d44030